| 000 | 00845cab a2200265 4500 | ||
|---|---|---|---|
| 001 | WB3218-48 | ||
| 008 | 090401t1996 xxu||||| |||| 00| 0 eng d | ||
| 035 | _a(Sirsi) u59582 | ||
| 041 | _aeng | ||
| 245 | _aNewcastle city centre | ||
| 260 | _c1996 | ||
| 350 | _a0 | ||
| 490 |
_aFinancial Times _v8 May 1996, 11(1) |
||
| 520 | _aAlmost half of the buildings in Newcastle`s city centre are vacant - causing many of the listed buildings to decay. Looks at the particular problems of Grainger Town and how to use regeneration funds. | ||
| 650 | _aCITY CENTRES | ||
| 650 | _aGRAINGER TOWN CONSERVATION AREA | ||
| 650 | _aHISTORIC CITY CENTRES | ||
| 650 | _aLISTED BUILDINGS | ||
| 650 | _aNEWCASTLE UPON TYNE | ||
| 650 | _aTYNESIDE | ||
| 650 | _aURBAN REGENERATION | ||
| 690 | _aURBAN RENEWAL | ||
| 942 | _n0 | ||
| 948 | _c04/03/1997 | ||
| 999 |
_c36571 _d36571 |
||